All Simpsons Games - Statistics

General Stats
  • This quiz has been taken 6 times
  • The average score is 6 of 26
Answer Stats
Hint Answer % Correct
2007 The Simpsons Game
75%
2003 The Simpsons: Hit & Run
75%
2001 The Simpsons Road Rage
75%
1992 The Simpsons: Bart's Nightmare
50%
2012 The Simpsons: Tapped Out
50%
1994 Virtual Bart
50%
1991 Bart Simpson's Escape from Camp Deadly
25%
1993 The Itchy & Scratchy Game
25%
2009 The Simpsons Arcade (IOS)
25%
1994 The Simpsons: Bart & the Beanstalk
25%
1992 The Simpsons: Bart vs. The Juggernauts
25%
1991 The Simpsons: Bart vs. the Space Mutants
25%
1991 The Simpsons: Bart vs. the World
25%
1997 The Simpsons: Virtual Springfield
25%
1994 Itchy & Scratchy in Miniature Golf Madness
0%
1992 Krusty's Fun House
0%
1991 The Simpsons Arcade Game
0%
1992 The Simpsons: Bartman Meets Radioactive Man
0%
1992 The Simpsons: Bart's House of Weirdness
0%
2000 The Simpsons Bowling
0%
1996 The Simpsons Cartoon Studio
0%
2008 The Simpsons: Itchy & Scratchy Land
0%
2007 The Simpsons: Minutes to Meltdown
0%
2001 The Simpsons: Night of the Living Treehouse of Horror
0%
2002 The Simpsons Skateboarding
0%
2001 The Simpsons Wrestling
0%
No matching quizzes found
Score Distribution
Percent of People with Each Score
Percentile by Number Answered
Your Score History
You have not taken this quiz